1175 1627 1773 1790 1877 1613 1870 1224 1743 1001 1320 1470 1607 1051 1580 1206 1313 1552 1943 1290 1132 1018 1060 1564 1340 1963 1901 1541 1658 1926 1684 1993 1965 1084 1887 1726 1277 1021 1988 1141 1151 1988 1537 1558 1122 1433 1615 1804 1970 1487 1263 1875 1958 1879 1482 1272 1123 1685 1789 1855 1726 1718 1713 1921 1410 1539 1622 1213 1310 1524 1111 1425 1055 1894 1352 1756 1036 1419 1995 1432 1748 1076 1384 1949 1382 1486 1269 1727 1020 1169 1369 1450 1397 1154 1208 1796 1556 1326 1162 BCNSPRNW ULIB Ver.6.0+V

เปลี่ยนเป็นภาษาไทย

Change to English
 แสดงรายละเอียดบรรณานุกรม
  กลับหน้าหลัก

Brief Record : Get Marc (ISO 2709) : E-mail record : QR code < ปิดหน้าต่าง
LEADER : 00000nam 2200000uu 4500
001    13399128221
003     ULIB
008    020711s2021 th a 000 0 eng d
020    ^a9780826140944
060    ^aWY159^bK99P
100    ^aKyle, Theresa
245    ^aPrimary Care Pediatrics for the Nurse Practitioner: A Practical Approach/^cKyle, Theresa
250    ^a1st ed
260    ^aNew York :^bSpringer Publishing Company,^c2021
300    ^a887 pages;^c26 cm
650    ^aPrimary Health Care^xmethods
650    ^aPrimary Health Care^xmethods
650    ^aNurse Practittioners
650    ^aInfant
650    ^aChild
650    ^aAdolescent
945    ^p0^l0^i009326
999    ^aประนอม เกษจรัล
รายการนี้ยังไม่มีแท็ก
คุณยังไม่ได้ล็อกอิน คุณสามารถมีกิจกรรมร่วมกับเว็บไซต์ได้ แต่ต้องล็อกอินก่อน ::
  ล็อกอิน

รายการสื่อสารสนเทศ

ลำดับที่ ประเภท เลขเรียก/บาร์โค้ด สถานที่ สถานะ
1. Book การพยาบาล
หนังสือสำรอง
สถานะ=หนังสือสำรอง
WY159 K99P ฉ.1 
  Barcode: 009326
ห้องสมุดวิทยาเขตสวรรค์ประชารักษ์
►หนังสือทั่วไป
บนชั้น

รายการใกล้เคียง
    หัวเรื่อง [Infant]
    หัวเรื่อง [Child]
    หัวเรื่อง [Adolescent]

BibComment


ยังไม่เคยถูกคอมเมนท์

คอมเมนท์ทรัพยากรรายการนี้
  คอมเมนท์: Primary Care Ped..


 Copyright 2026. Bcnsprnw @Library